Personálne hľadisko členenia nákladov v podniku

Personálne náklady a ich viazanosť na transformačné procesy podniku. Kvalita ľudského kapitálu. Štruktúra nákladov a oceňovanie výkonov pracovníkov. Klasifikácia nákladov v oblasti personálnych činností.

Gespeichert in:
Bibliographische Detailangaben
1. Verfasser: Teplická, Katarína
Format: Buchkapitel
Sprache:Slowakisch
Schlagworte:
Tags: Tag hinzufügen
Keine Tags, Fügen Sie das erste Tag hinzu!

MARC

LEADER 00000naa a2200000 4500
001 0132572
005 20230912101205.5
041 0 |a slo 
044 |a SK 
245 1 0 |a Personálne hľadisko členenia nákladov v podniku  |c Katarína Teplická 
520 |a Personálne náklady a ich viazanosť na transformačné procesy podniku. Kvalita ľudského kapitálu. Štruktúra nákladov a oceňovanie výkonov pracovníkov. Klasifikácia nákladov v oblasti personálnych činností. 
610 2 0 |a podnik 
610 2 0 |a systém riadenia nákladov 
610 2 0 |a náklady personálne 
610 2 0 |a náklady na vzdelanie 
610 2 0 |a kalkulácia nákladov 
610 2 0 |a analýza nákladov 
610 2 0 |a rozvoj pracovníkov 
610 2 0 |a zdroje finančné 
610 2 0 |a personalistika 
100 1 |a Teplická, Katarína